Guidebook to nutritional factors in foods /

Bibliographic Details
Main Author: Phillips, David A.
Format: Book
Language:English
Published: Santa Barbara, Calif. : Woodbridge Press Pub. Co., [1979]
Subjects:

MARC

Tag First Indicator Second Indicator Subfields
LEADER 00000cam a2200000 a 4500
001 in00000087263
005 20151008062854.0
008 790227r1979 cau 00010 engm
010 |a  79010010  
020 |a 0912800712 :  |c $3.95 
035 |a (OCoLC)04775336 
035 |9 AAK1109AM 
040 |a DLC  |c DLC  |d m.c.  |d TXA  |d UtOrBLW 
049 |a TXAM  |c [933518] 
050 0 0 |a TX551  |b .P517 1979 
082 0 |a 641.1  |2 19 
100 1 |a Phillips, David A. 
245 1 0 |a Guidebook to nutritional factors in foods /  |c by David A. Phillips. 
264 1 |a Santa Barbara, Calif. :  |b Woodbridge Press Pub. Co.,  |c [1979] 
264 4 |c ©1979 
300 |a 128 pages ;  |c 23 cm. 
336 |a text  |b txt  |2 rdacontent 
337 |a unmediated  |b n  |2 rdamedia 
338 |a volume  |b nc  |2 rdacarrier 
500 |a Spine title: Nutritional factors in foods. 
500 |a Previously published as: Guide book to nutritional factors in edible foods, 1977. 
650 0 |a Food  |x Composition  |v Tables. 
740 0 |a Nutritional factors in foods. 
999 |a MARS 
999 f f |s b8bb81df-f305-3df8-a78e-d5064306b98c  |i ae628d81-1915-3517-8118-4fa5a449d10e  |t 0 
952 f f |p ric  |a Texas A&M University  |b Rellis Campus  |c Joint Library Facility  |d Remote Storage  |t 0  |e TX551 .P517 1979  |h Library of Congress classification  |i unmediated -- volume  |m A14805977500 
998 f f |a TX551 .P517 1979  |t 0  |l Remote Storage